00262nam a2200109Ia 4500008004100000041001200041082001100053100001800064245005700082260000600139650000700145221030s9999 xx 000 0 und d aEnglish a105.23 aP. Ramamurthy 0aProduciton & Operations Managementcby P. Ramamurthy c0 aMb